Thang đá ngược ngàn

Phim tài liệu "Thang đá ngược ngàn" kể về nỗ lực vượt lên số phận của những người bị bệnh phong.

Đã lưu trong:
書目詳細資料
格式: 圖書
語言:Undetermined
出版: 2007
主題:
標簽: 添加標簽
沒有標簽, 成為第一個標記此記錄!
Thư viện lưu trữ: Trung tâm Học liệu Trường Đại học Cần Thơ
LEADER 00667nam a2200181Ia 4500
001 CTU_137372
008 210402s9999 xx 000 0 und d
020 |c 37000 
082 |a 379.24 
082 |b Th106 
245 0 |a Thang đá ngược ngàn 
245 0 |c Hãng phim Phương Nam 
260 |c 2007 
520 |a Phim tài liệu "Thang đá ngược ngàn" kể về nỗ lực vượt lên số phận của những người bị bệnh phong. 
650 |a Literacy programs,Chương trình xóa nạn mù chữ 
904 |i Tuyến 
915 |a 300 
980 |a Trung tâm Học liệu Trường Đại học Cần Thơ